Business cycles with worker moral hazard.

Rôzne metódy výskumu fenoménu vysokej a často cyklicky variabilnej miery nezamestnanosti vo vyspelých krajinách v posledných rokoch. Teória efektívnych miezd alebo efektívnosti miezd ako jedna z významných metód pojednaná v kontexte hospodárskych cyklov. Základný Shapiro-Stiglitzov model v kontexte...

Descripción completa

Guardado en:
Detalles Bibliográficos
Autor principal: Strand, J.
Formato: Capítulo de libro
Lenguaje:inglés
Materias:
Etiquetas: Agregar Etiqueta
Sin Etiquetas, Sea el primero en etiquetar este registro!

MARC

LEADER 00000naa a2200000 4500
001 r010749
005 20221130112746.5
041 0 |a eng 
044 |a NL 
245 1 0 |a Business cycles with worker moral hazard.  |c J. Strand 
520 |a Rôzne metódy výskumu fenoménu vysokej a často cyklicky variabilnej miery nezamestnanosti vo vyspelých krajinách v posledných rokoch. Teória efektívnych miezd alebo efektívnosti miezd ako jedna z významných metód pojednaná v kontexte hospodárskych cyklov. Základný Shapiro-Stiglitzov model v kontexte hospodárskych cyklov. 
610 2 0 |a cykly hospodárske 
610 2 0 |a nezamestnanosť 
610 2 0 |a modely ekonomické 
610 2 0 |a hazard morálny 
610 2 0 |a mzdy 
610 2 0 |a efektívnosť 
610 2 0 |a etika 
100 1 |a Strand, J.